000 00506nam a2200181Ia 4500
003 GCL
008 140319s9999 xx 000 0 aRus d
040 _aGCL /
_cGCL
082 0 4 _a860
_bA R
100 1 _aAYALA, FRANCISCO
245 1 0 _aRECUERDOS Y OLVIDOS: 2 EL EXILIO : 1.DEL PARAISO AL DESTIERRO /
_cAYALA, FRANCISCO
260 _a[S.N] :
_bA LIANZA EDITORIAL ،
_c1984
300 _a236 P
650 0 4 _aLITERATURE
650 0 4 _aSPANISH LANGUAGE
650 0 4 _aSPANISH LITERATURE
942 _2ddc
_cBK
999 _c24253
_d24253